000 00587nam a2200217Ia 4500
003 OSt
005 20220928144519.0
006 a|||||r|||| 00| 0
007 ta
008 220927b |||||||| |||| 00| 0 eng d
024 _a71243
037 _cTextual
040 _aSDCL
_cSDCL
_beng
041 _2eng
_aeng
082 _aX:8F, L5
100 _aAccountants International Study Group (London)
_9507919
245 0 _aAccounting for goodwill
260 _c1975
942 _hX:8F, L5
_cTEXL
_2CC
999 _c827443
_d827443